[Event "Ïåðâåíñòâî Ìîñêâû ïî øàõìàòàì 2015 ñðåäè ìàëü÷èêîâ (Ì17)"]
[Site "Moscow"]
[Date "2015.11.12"]
[Round "1.11"]
[White "Áîðèñåíêî, Ñàâåëèé"]
[Black "Øîøèí, Áîðèñ"]
[Result "0-1"]
[WhiteElo "1642"]
[BlackElo "1981"]
[PlyCount "0"]
[EventDate "2015.11.12"]

1.e4 c5 2.Nc3 Nc6 3.g3 g6 4.Bg2 Bg7 5.Nge2 d6 6.O-O Nf6 7.d3
O-O 8.f4 Bd7 9.e5 dxe5 10.fxe5 Ng4 11.e6 Bxe6 12.Nf4 Bd4+ 13.Kh1
Nf2+ 14.Rxf2 Bxf2 15.Bxc6 bxc6 16.Qf3 Bd4 17.Qxc6 Bd7 18.Qa6
Rc8 19.Nce2 Bc6+ 20.Ng2 Qd5 21.Nef4 Qf3 22.Bd2 e5 23.Rg1 exf4
24.Qxc6 Rxc6 0-1

[Event "Ïåðâåíñòâî Ìîñêâû ïî øàõìàòàì 2015 ñðåäè ìàëü÷èêîâ (Ì17)"]
[Site "Moscow"]
[Date "2015.11.12"]
[Round "1.12"]
[White "Ñû÷åâ, Äàíèèë"]
[Black "Øèðîêîâ, Àíäðåé"]
[Result "1-0"]
[WhiteElo "1955"]
[BlackElo "1633"]
[PlyCount "0"]
[EventDate "2015.11.12"]

1.e4 e5 2.Nf3 Nc6 3.Bb5 a6 4.Ba4 d6 5.O-O Bd7 6.c3 g6 7.d4 Bg7
8.Bg5 Nge7 9.dxe5 Nxe5 10.Nxe5 Bxe5 11.f4 Bg7 12.f5 Be5 13.fxg6
hxg6 14.h3 Rh5 15.h4 Rxg5 16.hxg5 c6 17.Qf3 Be6 18.Bb3 Bxb3 19.axb3
Qb6+ 20.Qf2 Qxb3 21.Nd2 Qxb2 22.Qxf7+ Kd7 23.Rab1 Qxd2 24.Rxb7+
Kc8 25.Qxe7 Qe3+ 26.Kh1 1-0

[Event "Ïåðâåíñòâî Ìîñêâû ïî øàõìàòàì 2015 ñðåäè ìàëü÷èêîâ (Ì17)"]
[Site "Moscow"]
[Date "2015.11.12"]
[Round "1.13"]
[White "Àëåêñååâ, Âàñèëèé"]
[Black "Ïàâëåíêî, Àëåêñåé"]
[Result "1-0"]
[WhiteElo "1629"]
[BlackElo "1918"]
[PlyCount "0"]
[EventDate "2015.11.12"]

1.e4 e6 2.d4 d5 3.exd5 exd5 4.c4 Nf6 5.Nf3 Be7 6.Bd3 O-O 7.O-O
c6 8.b3 Bg4 9.Nbd2 Nbd7 10.Qc2 Re8 11.Re1 Rc8 12.Ne5 Bh5 13.Nxd7
Qxd7 14.Bf5 Bd6 15.Bxd7 Rxe1+ 16.Nf1 Nxd7 17.Qf5 Be2 18.Bb2 Rxa1
19.Bxa1 Rd8 20.cxd5 Nf6 21.dxc6 bxc6 22.Qc2 Bg4 23.Qxc6 Bf8 24.h3
Be6 25.Qa6 Rd7 26.Bb2 Rc7 27.Ne3 h6 28.Qa5 Rd7 29.Qb5 Kh7 30.Nc4
Nd5 31.Ne5 Rc7 32.Qd3+ Kg8 33.Qe4 Rc8 34.Nc4 Nf6 35.Qb7 Kh7 36.Qxa7
Bxc4 37.bxc4 Rxc4 38.Qxf7 Rc8 39.a4 Bd6 40.Qe6 Rd8 41.a5 Bb8
42.a6 Re8 43.Qf5+ g6 44.Qb1 Ne4 45.g3 Ng5 46.Bc3 Nxh3+ 47.Kg2
Ng5 48.Qb7+ Kg8 49.a7 1-0

[Event "Ïåðâåíñòâî Ìîñêâû ïî øàõìàòàì 2015 ñðåäè ìàëü÷èêîâ (Ì17)"]
[Site "Moscow"]
[Date "2015.11.12"]
[Round "1.14"]
[White "Êàðàñåíè, Èâàí"]
[Black "Ñèíÿâèí, Ðîìàí"]
[Result "1-0"]
[WhiteElo "1916"]
[BlackElo "1625"]
[PlyCount "0"]
[EventDate "2015.11.12"]

1.e4 c6 2.d4 d5 3.exd5 cxd5 4.c4 e6 5.Nf3 Nf6 6.Nc3 Bb4 7.a3
Bd6 8.c5 Bc7 9.Bd3 a5 10.O-O O-O 11.Rb1 Nc6 12.b4 axb4 13.axb4
e5 14.dxe5 Nxe5 15.Nxe5 Bxe5 16.Ne2 Ng4 17.Bf4 Bxf4 18.Nxf4 Qh4
19.h3 Nf6 20.Ne2 Re8 21.Bc2 Ra3 22.Qd4 Qh6 23.Ng3 Nh5 24.Nxh5
Qxh5 25.Rfe1 f6 26.Rxe8+ Qxe8 27.Qxd5+ Kf8 28.Rd1 Be6 29.Qe4
f5 30.Qxb7 Ra2 31.Qb6 1-0

[Event "Ïåðâåíñòâî Ìîñêâû ïî øàõìàòàì 2015 ñðåäè ìàëü÷èêîâ (Ì17)"]
[Site "Moscow"]
[Date "2015.11.12"]
[Round "1.15"]
[White "Èñàåâ, Íèêîëàé"]
[Black "Ñàâåëüåâ, Àðòåì"]
[Result "1-0"]
[WhiteElo "1616"]
[BlackElo "1899"]
[PlyCount "0"]
[EventDate "2015.11.12"]

1.d4 Nf6 2.Nf3 b6 3.e3 Bb7 4.Bd3 e6 5.Nbd2 c5 6.O-O d5 7.b3 cxd4
8.exd4 Bd6 9.Ne5 Nc6 10.Bb2 O-O 11.a3 Nd7 12.f4 f5 13.Qe2 Bxe5
14.fxe5 Rf7 15.Rf3 g5 16.Rff1 g4 17.Qe3 Nf8 18.Qh6 Rg7 19.Rac1
Rg6 20.Qe3 h5 21.Nb1 Ne7 22.Nc3 a6 23.Ne2 Rg7 24.a4 a5 25.Ba3
Ba6 26.Nf4 Rh7 27.Bxa6 Rxa6 28.c4 dxc4 29.Rxc4 Ra7 30.Rfc1 Kf7
31.Bxe7 Rxe7 32.Rc8 Qd7 33.R8c7 Qxc7 34.Rxc7 Rxc7 35.d5 exd5
36.e6+ Ke8 37.Nxd5 Rc6 38.Nf6+ 1-0

[Event "Ïåðâåíñòâî Ìîñêâû ïî øàõìàòàì 2015 ñðåäè ìàëü÷èêîâ (Ì17)"]
[Site "Moscow"]
[Date "2015.11.12"]
[Round "1.18"]
[White "Ñó÷êîâ, Àëåêñàíäð"]
[Black "Ñåäîâ, Ìàðê"]
[Result "1-0"]
[WhiteElo "1873"]
[BlackElo "1610"]
[PlyCount "0"]
[EventDate "2015.11.12"]

1.d4 Nf6 2.c4 c5 3.d5 e6 4.Nc3 exd5 5.cxd5 d6 6.e4 g6 7.Bd3 Bg7
8.Nf3 O-O 9.O-O Re8 10.Re1 a6 11.a4 b6 12.Bg5 h6 13.Be3 Nbd7
14.Qc1 Kh7 15.Rb1 Qc7 16.b3 Ng4 17.Bf4 Nge5 18.Nxe5 Nxe5 19.Bxe5
Rxe5 20.f4 Re7 21.Qd2 Bb7 22.Rbc1 Rae8 23.Rf1 Bc8 24.Qc2 Qb7
25.Rf3 Bd7 26.Rcf1 b5 27.e5 b4 28.exd6 Bd4+ 29.Kh1 Re1 30.Ne2
Rxf1+ 31.Rxf1 Qxd5 32.f5 g5 33.f6+ Kh8 34.Bc4 Qe4 35.Qxe4 Rxe4
36.Nxd4 cxd4 37.Bxf7 Rf4 38.Rxf4 gxf4 39.Kg1 Kh7 40.Kf2 d3 41.Ke1
Bf5 42.Kd2 a5 43.Ke1 Kh8 44.Kd2 Kh7 45.Bh5 Kg8 46.Bg6 Be6 47.Kxd3
f3 48.gxf3 Kf8 49.Kd4 Bd7 50.Kd5 Kg8 51.Kc5 h5 52.Kb6 1-0

[Event "Ïåðâåíñòâî Ìîñêâû ïî øàõìàòàì 2015 ñðåäè ìàëü÷èêîâ (Ì17)"]
[Site "Moscow"]
[Date "2015.11.12"]
[Round "1.19"]
[White "Êîðíååíêî, Àëåêñåé"]
[Black "Áóðõàíîâ, Âàñèëèé"]
[Result "0-1"]
[WhiteElo "1557"]
[BlackElo "1868"]
[PlyCount "0"]
[EventDate "2015.11.12"]

1.e4 e6 2.d4 d5 3.exd5 exd5 4.Nf3 Bd6 5.Bd3 Ne7 6.c3 Bf5 7.Be3
c6 8.Bxf5 Nxf5 9.Qd3 Ne7 10.Nbd2 Nd7 11.Nf1 Nf6 12.Ng3 O-O 13.O-O
Ng6 14.Rae1 Qc7 15.Re2 h6 16.Rfe1 Rae8 17.Bd2 Bf4 18.Rxe8 Rxe8
19.Rxe8+ Nxe8 20.Be3 Nd6 21.Nd2 Qa5 22.a3 Qa4 23.Ndf1 Ne4 24.Qe2
Bxe3 25.fxe3 Qb3 26.Nd2 Qxb2 27.Ndxe4 Qxe2 28.Nxe2 dxe4 29.Kf2
f5 30.Ng3 Ne7 31.Ke2 Kf7 32.Kd2 g6 33.c4 Ke6 34.Kc3 b6 0-1

[Event "Ïåðâåíñòâî Ìîñêâû ïî øàõìàòàì 2015 ñðåäè ìàëü÷èêîâ (Ì17)"]
[Site "Moscow"]
[Date "2015.11.12"]
[Round "1.20"]
[White "Êîìÿãèí, Ìèõàèë"]
[Black "Ìèíàøêèí, Èãîðü"]
[Result "1-0"]
[WhiteElo "1862"]
[BlackElo "1556"]
[PlyCount "0"]
[EventDate "2015.11.12"]

1.Nf3 d5 2.g3 Nf6 3.Bg2 Nc6 4.d4 Bf5 5.O-O e6 6.c4 Be7 7.Nc3
dxc4 8.Qa4 O-O 9.Qxc4 Ne4 10.e3 Nb4 11.Ne1 Nxc3 12.bxc3 Nd5 13.e4
Nb6 14.Qe2 Bg6 15.Nf3 c5 16.Be3 Bxe4 17.Rfd1 Nd5 18.Rac1 Qc7
19.Bf4 Bxf3 20.Qxf3 Nxf4 21.gxf4 b6 22.Qg4 Rac8 23.f5 cxd4 24.fxe6
fxe6 25.Qxe6+ Kh8 26.cxd4 Qxc1 27.Rxc1 Rxc1+ 28.Bf1 Bh4 29.Qd6
Rfc8 30.Qf4 Bf6 31.Kg2 R1c7 32.Ba6 h6 33.Bxc8 Rxc8 34.d5 Bg5
35.Qf7 a5 36.d6 Rd8 37.d7 b5 38.Qd5 b4 39.Qxa5 Rxd7 40.Qxb4 Rd8 1-0

[Event "Ïåðâåíñòâî Ìîñêâû ïî øàõìàòàì 2015 ñðåäè ìàëü÷èêîâ (Ì17)"]
[Site "Moscow"]
[Date "2015.11.12"]
[Round "1.21"]
[White "Ñìèðíîâ, Àðòåìèé"]
[Black "Ðîìàøèí, Äåíèñ"]
[Result "1-0"]
[WhiteElo "1529"]
[BlackElo "1820"]
[PlyCount "0"]
[EventDate "2015.11.12"]

1.d4 c6 2.c4 d5 3.Nf3 Nf6 4.g3 Bg4 5.Ne5 Bf5 6.Nc3 dxc4 7.Bg2
e6 8.O-O Bb4 9.Nxc4 O-O 10.Qb3 Bxc3 11.bxc3 Qe7 12.Ba3 Qc7 13.Bd6
Qd7 14.Bxf8 Kxf8 15.Qa3+ Kg8 16.Nd6 1-0

[Event "Ïåðâåíñòâî Ìîñêâû ïî øàõìàòàì 2015 ñðåäè ìàëü÷èêîâ (Ì17)"]
[Site "Moscow"]
[Date "2015.11.12"]
[Round "1.22"]
[White "Ìõèòàðÿí, Àðñåí"]
[Black "Øåâåëåâ, Àëåêñàíäð"]
[Result "0-1"]
[WhiteElo "1776"]
[BlackElo "1496"]
[PlyCount "0"]
[EventDate "2015.11.12"]

1.d4 d5 2.Nf3 Nf6 3.e3 c6 4.Bd3 Bg4 5.c4 e6 6.Qb3 Qc7 7.Ne5 Nbd7
8.cxd5 exd5 9.f4 Nxe5 10.dxe5 Nd7 11.Bd2 Nc5 12.Qc2 Nxd3+ 13.Qxd3
g6 14.Nc3 O-O-O 15.h3 Bf5 16.Qe2 h5 17.O-O Be7 18.Nxd5 Rxd5 19.e4
Bxe4 20.Qxe4 Rxd2 0-1

[Event "Ïåðâåíñòâî Ìîñêâû ïî øàõìàòàì 2015 ñðåäè ìàëü÷èêîâ (Ì17)"]
[Site "Moscow"]
[Date "2015.11.12"]
[Round "1.23"]
[White "Ìàõìóäîâ, Äæîðäæ"]
[Black "Êóçüìèí, Èâàí"]
[Result "0-1"]
[WhiteElo "1404"]
[BlackElo "1774"]
[PlyCount "0"]
[EventDate "2015.11.12"]

1.Nf3 Nf6 2.g3 g6 3.Bg2 Bg7 4.O-O c5 5.d3 O-O 6.Nbd2 Nc6 7.c3
d6 8.e4 e5 9.Qc2 h6 10.a4 Be6 11.Re1 Nh5 12.Nf1 Qd7 13.Ne3 f5
14.exf5 gxf5 15.Bh3 f4 16.Bxe6+ Qxe6 17.gxf4 Rxf4 18.Qd1 Raf8
19.Nd2 Qg6+ 20.Kh1 Rxf2 21.Ne4 R2f3 22.Qb3+ Kh8 23.Rg1 Qf7 24.Qxf7
R8xf7 25.Nxd6 Rd7 26.Nec4 Rxd3 27.Be3 Rxe3 28.Nxe3 Rxd6 29.Raf1
Nf4 30.Nf5 Rd7 31.Rg4 Nd8 32.Rfg1 Nde6 33.Nh4 Kh7 34.Nf5 h5 35.Rh4
Bf6 0-1

[Event "Ïåðâåíñòâî Ìîñêâû ïî øàõìàòàì 2015 ñðåäè ìàëü÷èêîâ (Ì17)"]
[Site "Moscow"]
[Date "2015.11.13"]
[Round "2.1"]
[White "Ñìèðíîâ, Òèìîôåé"]
[Black "Ñó÷êîâ, Àëåêñàíäð"]
[Result "1-0"]
[WhiteElo "2298"]
[BlackElo "1873"]
[PlyCount "0"]
[EventDate "2015.11.12"]


1. e4 {[%clk 1:30:57]} c5 {[%clk 1:30:57]} 2. Nf3 {[%clk 1:31:22]} e6
{[%clk 1:31:23]} 3. d4 {[%clk 1:31:46]} cxd4 {[%clk 1:31:49]} 4. Nxd4
{[%clk 1:32:13]} a6 {[%clk 1:32:15]} 5. c4 {[%clk 1:32:33]} Nf6 {[%clk 1:32:39]}
6. Nc3 {[%clk 1:32:58]} Bb4 {[%clk 1:33:05]} 7. Bd3 {[%clk 1:33:23]} Qc7
{[%clk 1:30:52]} 8. O-O {[%clk 1:24:36]} Bxc3 {[%clk 1:29:35]} 9. bxc3
{[%clk 1:25:04]} h6 {[%clk 1:28:02]} 10. Ba3 {[%clk 1:22:56]} d6 {[%clk 1:26:15]}
11. Qa4+ {[%clk 1:11:12]} Nbd7 {[%clk 1:17:09]} 12. Nb5 {[%clk 1:04:24]} axb5
{[%clk 1:08:04]} 13. Qxa8 {[%clk 1:04:23]} O-O {[%clk 0:36:50]} 14. cxb5
{[%clk 0:59:52]} Qxc3 {[%clk 0:34:16]} 15. Rac1 {[%clk 0:59:25]} Qxd3
{[%clk 0:33:21]} 16. Rxc8 {[%clk 0:59:41]} Rxc8 {[%clk 0:30:11]} 17. Qxc8+
{[%clk 0:59:08]} Kh7 {[%clk 0:30:34]} 18. Qc1 {[%clk 0:53:20]} Nxe4
{[%clk 0:23:54]} 19. Qb1 {[%clk 0:51:29]} Qxb1 {[%clk 0:22:49]} 20. Rxb1
{[%clk 0:51:48]} Nc3 {[%clk 0:22:00]} 21. Rb3 {[%clk 0:51:28]} Ne2+
{[%clk 0:19:40]} 22. Kf1 {[%clk 0:51:32]} Nd4 {[%clk 0:20:03]} 23. Rb2
{[%clk 0:50:06]} d5 {[%clk 0:19:38]} 24. Bd6 {[%clk 0:50:07]} e5 {[%clk 0:18:03]}
25. a4 {[%clk 0:47:38]} Nf5 {[%clk 0:15:19]} 26. Bc7 {[%clk 0:47:16]} Nc5
{[%clk 0:14:45]} 27. a5 {[%clk 0:47:25]} f6 {[%clk 0:14:39]} 28. Rc2
{[%clk 0:47:10]} Ne6 {[%clk 0:13:17]} 29. Bb6 {[%clk 0:45:35]} Nd6
{[%clk 0:12:58]} 30. a6 {[%clk 0:45:54]} bxa6 {[%clk 0:13:03]} 31. bxa6
{[%clk 0:46:20]} Nc4 {[%clk 0:12:43]} 32. Rxc4 {[%clk 0:46:35]} dxc4
{[%clk 0:13:08]} 33. a7 {[%clk 0:47:00]} c3 {[%clk 0:13:34]} 34. a8=Q
{[%clk 0:47:21]} c2 {[%clk 0:14:01]} 35. Qe4+ {[%clk 0:47:46]} 1-0

[Event "Ïåðâåíñòâî Ìîñêâû ïî øàõìàòàì 2015 ñðåäè ìàëü÷èêîâ (Ì17)"]
[Site "Moscow"]
[Date "2015.11.13"]
[Round "2.2"]
[White "Òâåðäîõëåá, Àëåêñàíäð"]
[Black "Ãàëàêòèîíîâ, Àðòåì"]
[Result "0-1"]
[WhiteElo "1885"]
[BlackElo "2206"]
[PlyCount "0"]
[EventDate "2015.11.12"]


1. d4 {[%clk 1:20:23]} d5 {[%clk 1:30:54]} 2. Nf3 {[%clk 1:20:38]} Nf6
{[%clk 1:31:19]} 3. Bg5 {[%clk 1:20:42]} e6 {[%clk 1:31:44]} 4. e3
{[%clk 1:20:38]} Be7 {[%clk 1:32:08]} 5. Bd3 {[%clk 1:19:59]} O-O
{[%clk 1:31:27]} 6. Nbd2 {[%clk 1:19:22]} b6 {[%clk 1:30:15]} 7. Ne5
{[%clk 1:18:11]} c5 {[%clk 1:30:33]} 8. c3 {[%clk 1:13:24]} Bb7 {[%clk 1:30:27]}
9. f4 {[%clk 1:11:39]} Ne4 {[%clk 1:29:50]} 10. Bxe7 {[%clk 1:11:23]} Qxe7
{[%clk 1:30:19]} 11. O-O {[%clk 1:10:02]} f6 {[%clk 1:30:03]} 12. Nef3
{[%clk 1:08:31]} Nd7 {[%clk 1:12:45]} 13. Qc2 {[%clk 1:02:43]} f5
{[%clk 1:12:50]} 14. Ne5 {[%clk 0:41:35]} Nxe5 {[%clk 1:11:30]} 15. fxe5
{[%clk 0:37:09]} Rac8 {[%clk 1:09:23]} 16. Bxe4 {[%clk 0:28:25]} dxe4
{[%clk 1:04:18]} 17. Qd1 {[%clk 0:21:34]} Ba6 {[%clk 1:02:42]} 18. Rf2
{[%clk 0:18:45]} Qg5 {[%clk 0:59:00]} 19. Qa4 {[%clk 0:07:35]} Bd3
{[%clk 0:58:53]} 20. Qxa7 {[%clk 0:04:39]} Qxe3 {[%clk 0:58:49]} 21. Qxb6
{[%clk 0:04:40]} Kh8 {[%clk 0:57:17]} 22. Qxe6 {[%clk 0:01:54]} cxd4
{[%clk 0:57:43]} 23. Qb6 {[%clk 0:01:47]} Qg5 {[%clk 0:56:56]} 24. Qxd4
{[%clk 0:01:38]} Rcd8 {[%clk 0:57:11]} 25. h4 {[%clk 0:00:48]} Qxh4
{[%clk 0:56:00]} 26. Qb4 {[%clk 0:00:49]} Qg5 {[%clk 0:55:37]} 27. Kh1
{[%clk 0:00:38]} e3 {[%clk 0:55:57]} 28. Nf3 {[%clk 0:00:56]} Qh5+
{[%clk 0:56:22]} 29. Kg1 {[%clk 0:01:16]} exf2+ {[%clk 0:56:46]} 30. Kxf2
{[%clk 0:01:45]} Qg4 {[%clk 0:56:12]} 31. a3 {[%clk 0:01:26]} Qxb4
{[%clk 0:56:19]} 32. axb4 {[%clk 0:01:45]} Be4 {[%clk 0:56:38]} 33. Nd4
{[%clk 0:00:50]} Ra8 {[%clk 0:57:04]} 34. Re1 {[%clk 0:00:44]} Ra2
{[%clk 0:57:24]} 35. Re2 {[%clk 0:01:09]} Re8 {[%clk 0:57:38]} 36. e6
{[%clk 0:01:23]} Bd3 {[%clk 0:58:04]} 37. Rd2 {[%clk 0:01:44]} Bc4
{[%clk 0:58:29]} 38. Nxf5 {[%clk 0:01:47]} Bxe6 {[%clk 0:58:53]} 39. Nd4
{[%clk 0:01:59]} Bc4 {[%clk 0:59:14]} 40. Nc6 {[%clk 0:01:38]} h6
{[%clk 0:59:25]} 41. Na5 {[%clk 0:01:48]} Bf7 {[%clk 0:59:46]} 42. Kg3
{[%clk 0:01:45]} Rc8 {[%clk 0:59:57]} 43. Nb7 {[%clk 0:01:51]} Rxc3+
{[%clk 1:00:20]} 44. Kh2 {[%clk 0:02:03]} Rb3 {[%clk 1:00:30]} 0-1

[Event "Ïåðâåíñòâî Ìîñêâû ïî øàõìàòàì 2015 ñðåäè ìàëü÷èêîâ (Ì17)"]
[Site "Moscow"]
[Date "2015.11.13"]
[Round "2.3"]
[White "Íàâðîäñêèé, Áîðèñ"]
[Black "Êîìÿãèí, Ìèõàèë"]
[Result "1-0"]
[WhiteElo "2173"]
[BlackElo "1862"]
[PlyCount "0"]
[EventDate "2015.11.12"]

1. d4 {[%clk 1:25:47]} Nf6 {[%clk 1:30:56]} 2. c4 {[%clk 1:26:12]} g6
{[%clk 1:31:22]} 3. Nc3 {[%clk 1:26:38]} Bg7 {[%clk 1:31:49]} 4. e4
{[%clk 1:27:02]} d6 {[%clk 1:32:14]} 5. Nf3 {[%clk 1:27:27]} O-O {[%clk 1:32:38]}
6. Be2 {[%clk 1:27:54]} Nbd7 {[%clk 1:30:52]} 7. O-O {[%clk 1:28:10]} e5
{[%clk 1:31:16]} 8. Re1 {[%clk 1:28:34]} exd4 {[%clk 1:28:15]} 9. Nxd4
{[%clk 1:28:55]} Ne5 {[%clk 1:28:08]} 10. f3 {[%clk 1:26:54]} a6 {[%clk 1:17:45]}
11. Be3 {[%clk 1:25:52]} Bd7 {[%clk 1:17:15]} 12. Qd2 {[%clk 1:25:22]} Rb8
{[%clk 1:13:13]} 13. a4 {[%clk 1:14:52]} b6 {[%clk 1:09:05]} 14. Rad1
{[%clk 1:12:13]} Qe8 {[%clk 1:05:58]} 15. b3 {[%clk 1:12:06]} Be6
{[%clk 1:03:19]} 16. Bh6 {[%clk 1:09:14]} Ned7 {[%clk 0:45:33]} 17. Nd5
{[%clk 1:04:37]} Bxd5 {[%clk 0:36:23]} 18. exd5 {[%clk 0:48:52]} Bxh6
{[%clk 0:31:24]} 19. Qxh6 {[%clk 0:44:18]} Nc5 {[%clk 0:31:47]} 20. Nf5
{[%clk 0:37:07]} Nh5 {[%clk 0:32:09]} 21. Bd3 {[%clk 0:35:35]} Qd8
{[%clk 0:29:24]} 22. Ne7+ {[%clk 0:33:58]} Kh8 {[%clk 0:29:47]} 23. Bxg6
{[%clk 0:33:15]} fxg6 {[%clk 0:30:10]} 24. Nxg6+ {[%clk 0:33:35]} Kg8
{[%clk 0:30:32]} 25. Nxf8 {[%clk 0:32:51]} Ng7 {[%clk 0:28:03]} 26. Nxh7
{[%clk 0:31:47]} 1-0

[Event "Ïåðâåíñòâî Ìîñêâû ïî øàõìàòàì 2015 ñðåäè ìàëü÷èêîâ (Ì17)"]
[Site "Moscow"]
[Date "2015.11.13"]
[Round "2.4"]
[White "Âîéíèêîíèñ, Íèêèòà"]
[Black "Ëåâåíøòåéí, Ìàðê"]
[Result "1/2-1/2"]
[WhiteElo "1874"]
[BlackElo "2110"]
[PlyCount "0"]
[EventDate "2015.11.12"]


1. e4 {[%clk 1:30:51]} d5 {[%clk 1:30:58]} 2. exd5 {[%clk 1:31:12]} Nf6
{[%clk 1:31:26]} 3. d4 {[%clk 1:28:35]} Nxd5 {[%clk 1:31:51]} 4. c4
{[%clk 1:28:48]} Nb4 {[%clk 1:32:18]} 5. a3 {[%clk 1:28:21]} N4c6
{[%clk 1:32:42]} 6. d5 {[%clk 1:27:39]} Ne5 {[%clk 1:33:08]} 7. Qd4
{[%clk 1:22:32]} Ng6 {[%clk 1:25:08]} 8. Nf3 {[%clk 1:20:43]} e6 {[%clk 1:17:14]}
9. dxe6 {[%clk 1:09:12]} Qe7 {[%clk 1:06:54]} 10. Qe3 {[%clk 0:54:46]} Bxe6
{[%clk 0:58:41]} 11. Nc3 {[%clk 0:54:46]} Nc6 {[%clk 0:58:41]} 12. h4
{[%clk 0:54:46]} Qc5 {[%clk 0:58:41]} 13. Nb5 {[%clk 0:42:36]} O-O-O
{[%clk 0:43:44]} 14. b4 {[%clk 0:41:40]} Qxe3+ {[%clk 0:41:45]} 15. Bxe3
{[%clk 0:41:33]} a5 {[%clk 0:38:38]} 16. h5 {[%clk 0:38:42]} Nge7
{[%clk 0:30:04]} 17. Nbd4 {[%clk 0:34:01]} Bg4 {[%clk 0:21:32]} 18. b5
{[%clk 0:21:55]} Nxd4 {[%clk 0:21:11]} 19. Nxd4 {[%clk 0:22:20]} Nf5
{[%clk 0:20:40]} 20. Nxf5 {[%clk 0:22:35]} Bxf5 {[%clk 0:21:05]} 21. b6
{[%clk 0:19:10]} Be7 {[%clk 0:20:18]} 22. Be2 {[%clk 0:09:24]} Bf6
{[%clk 0:16:12]} 23. Rd1 {[%clk 0:09:21]} Rxd1+ {[%clk 0:14:03]} 24. Bxd1
{[%clk 0:05:11]} Rd8 {[%clk 0:11:57]} 25. Be2 {[%clk 0:04:06]} Bc3+
{[%clk 0:10:31]} 26. Kf1 {[%clk 0:04:31]} Bb2 {[%clk 0:10:20]} 27. g4
{[%clk 0:02:40]} Be4 {[%clk 0:09:17]} 28. bxc7 {[%clk 0:01:21]} Rd7
{[%clk 0:08:29]} 29. Rh3 {[%clk 0:00:53]} Bxa3 {[%clk 0:08:02]} 30. Bd2
{[%clk 0:00:45]} Bg2+ {[%clk 0:03:24]} 31. Kxg2 {[%clk 0:01:08]} Rxd2
{[%clk 0:03:51]} 32. Rxa3 Rxe2 {[%clk 0:04:15]} 33. Rxa5 {[%clk 0:01:44]} Re4
{[%clk 0:04:23]} 34. Rg5 {[%clk 0:00:41]} g6 {[%clk 0:04:51]} 35. hxg6
{[%clk 0:01:03]} hxg6 {[%clk 0:05:14]} 36. c5 {[%clk 0:00:52]} Kxc7
{[%clk 0:05:20]} 37. Kf3 {[%clk 0:01:16]} Re8 {[%clk 0:05:24]} 38. Rd5
{[%clk 0:00:46]} Kc6 {[%clk 0:04:44]} 39. Rd6+ {[%clk 0:01:12]} Kxc5
{[%clk 0:05:07]} 40. Rd7 {[%clk 0:01:38]} b5 {[%clk 0:05:15]} 41. Rxf7
{[%clk 0:01:53]} b4 {[%clk 0:05:34]} 42. Kf4 {[%clk 0:01:21]} Rb8
{[%clk 0:04:26]} 43. Kg5 {[%clk 0:00:55]} Rb6 {[%clk 0:04:04]} 44. f4
{[%clk 0:00:36]} b3 {[%clk 0:04:19]} 45. Rc7+ {[%clk 0:01:02]} Kb4
{[%clk 0:03:30]} 46. Rc1 {[%clk 0:01:20]} b2 {[%clk 0:02:50]} 47. Rb1
{[%clk 0:01:38]} Kc3 48. f5 gxf5 49. gxf5 1/2-1/2

[Event "Ïåðâåíñòâî Ìîñêâû ïî øàõìàòàì 2015 ñðåäè ìàëü÷èêîâ (Ì17)"]
[Site "Moscow"]
[Date "2015.11.13"]
[Round "2.5"]
[White "×èëèíãàðÿí, Ïàâåë"]
[Black "Áóðàêîâ, Àëåêñàíäð"]
[Result "1-0"]
[WhiteElo "2096"]
[BlackElo "1758"]
[PlyCount "0"]
[EventDate "2015.11.12"]

1. d4 {[%clk 1:30:58]} Nf6 {[%clk 1:30:50]} 2. Nf3 {[%clk 1:31:25]} g6
{[%clk 1:31:08]} 3. g3 {[%clk 1:31:53]} Bg7 {[%clk 1:31:01]} 4. Bg2
{[%clk 1:32:19]} O-O {[%clk 1:30:42]} 5. O-O {[%clk 1:32:45]} d6 {[%clk 1:25:34]}
6. c4 {[%clk 1:33:09]} Nbd7 {[%clk 1:25:07]} 7. Nc3 {[%clk 1:33:33]} c6
{[%clk 1:19:45]} 8. Qc2 {[%clk 1:33:51]} e5 {[%clk 1:18:22]} 9. Rd1
{[%clk 1:34:14]} Qe7 {[%clk 1:17:05]} 10. b3 {[%clk 1:32:45]} Rd8
{[%clk 1:12:48]} 11. Ba3 {[%clk 1:30:49]} exd4 {[%clk 1:11:32]} 12. Nxd4
{[%clk 1:30:12]} Nc5 {[%clk 1:11:15]} 13. Rac1 {[%clk 1:04:35]} Ng4
{[%clk 0:58:53]} 14. b4 {[%clk 0:49:06]} Ne6 {[%clk 0:47:22]} 15. Nf3
{[%clk 0:47:33]} Ne5 {[%clk 0:44:28]} 16. Nxe5 {[%clk 0:34:20]} dxe5
{[%clk 0:37:58]} 17. e3 {[%clk 0:33:11]} Rxd1+ {[%clk 0:27:39]} 18. Rxd1
{[%clk 0:33:04]} Nc7 {[%clk 0:24:57]} 19. Qb3 {[%clk 0:31:51]} Bf8
{[%clk 0:20:36]} 20. Nb1 {[%clk 0:31:42]} Qe8 {[%clk 0:17:29]} 21. Bb2
{[%clk 0:30:49]} Bg7 {[%clk 0:15:57]} 22. a4 {[%clk 0:30:05]} Be6
{[%clk 0:14:53]} 23. b5 {[%clk 0:30:03]} Rb8 {[%clk 0:14:12]} 24. Nc3
{[%clk 0:29:24]} f6 {[%clk 0:09:47]} 25. Ne4 {[%clk 0:28:44]} cxb5
{[%clk 0:06:03]} 26. axb5 {[%clk 0:28:53]} Na8 {[%clk 0:05:00]} 27. Nc5
{[%clk 0:26:04]} Nb6 {[%clk 0:02:31]} 28. Rc1 {[%clk 0:23:06]} Rc8
{[%clk 0:01:06]} 29. Ba3 {[%clk 0:23:35]} Bf8 {[%clk 0:01:06]} 30. Nxe6
{[%clk 0:22:55]} Qxe6 {[%clk 0:01:33]} 31. Bxf8 {[%clk 0:23:17]} Kxf8
{[%clk 0:01:32]} 32. Qa3+ {[%clk 0:23:24]} Qe7 {[%clk 0:01:09]} 33. Qxa7
{[%clk 0:22:06]} Nxc4 {[%clk 0:00:58]} 34. Bxb7 {[%clk 0:21:13]} Qc5
{[%clk 0:00:35]} 35. Qa2 {[%clk 0:20:31]} Rc7 {[%clk 0:00:34]} 36. Bc6
{[%clk 0:20:54]} 1-0

[Event "Ïåðâåíñòâî Ìîñêâû ïî øàõìàòàì 2015 ñðåäè ìàëü÷èêîâ (Ì17)"]
[Site "Moscow"]
[Date "2015.11.13"]
[Round "2.6"]
[White "Áóðõàíîâ, Âàñèëèé"]
[Black "Ãðèãîðüåâ, Äìèòðèé"]
[Result "1-0"]
[WhiteElo "1868"]
[BlackElo "2076"]
[PlyCount "0"]
[EventDate "2015.11.12"]

1. e4 {[%clk 1:30:59]} e5 {[%clk 1:24:45]} 2. Nf3 {[%clk 1:30:43]} Nc6
{[%clk 1:25:09]} 3. Bc4 {[%clk 1:30:35]} Bc5 {[%clk 1:24:09]} 4. d3
{[%clk 1:30:23]} Nf6 {[%clk 1:23:54]} 5. Bg5 {[%clk 1:25:50]} d6 {[%clk 1:22:53]}
6. c3 {[%clk 1:25:46]} Be6 {[%clk 1:10:36]} 7. Bb3 {[%clk 1:22:47]} a6
{[%clk 1:01:53]} 8. d4 {[%clk 0:59:45]} exd4 {[%clk 1:01:34]} 9. cxd4
{[%clk 0:56:44]} Bxb3 {[%clk 0:59:17]} 10. axb3 {[%clk 0:47:15]} Bb4+
{[%clk 0:57:54]} 11. Nc3 {[%clk 0:45:31]} h6 {[%clk 0:56:40]} 12. Bxf6
{[%clk 0:45:42]} Qxf6 {[%clk 0:57:00]} 13. O-O {[%clk 0:45:52]} Bxc3
{[%clk 0:55:34]} 14. bxc3 {[%clk 0:45:51]} O-O {[%clk 0:55:38]} 15. Qd3
{[%clk 0:44:23]} Rae8 {[%clk 0:50:16]} 16. Nd2 {[%clk 0:42:16]} Qg6
{[%clk 0:46:44]} 17. Qc4 {[%clk 0:28:06]} Re7 {[%clk 0:39:58]} 18. f4
{[%clk 0:24:54]} Rd7 {[%clk 0:31:34]} 19. f5 {[%clk 0:23:37]} Qg5
{[%clk 0:30:13]} 20. Qd3 {[%clk 0:22:27]} Re8 {[%clk 0:26:05]} 21. f6
{[%clk 0:15:02]} Kh8 {[%clk 0:20:16]} 22. Rf5 {[%clk 0:14:27]} Qg6
{[%clk 0:20:02]} 23. Raf1 {[%clk 0:14:10]} Rg8 {[%clk 0:18:15]} 24. Qh3
{[%clk 0:13:51]} Rdd8 {[%clk 0:08:51]} 25. R1f4 {[%clk 0:13:44]} Qh7
{[%clk 0:02:42]} 26. Rh5 {[%clk 0:12:32]} Qg6 {[%clk 0:02:01]} 27. fxg7+
{[%clk 0:11:59]} Kh7 {[%clk 0:02:09]} 28. Rfh4 {[%clk 0:12:12]} 1-0